000 00339nam a22001337a 4500
040 _cFIZZA ISHAQ
082 _a333.7
_bSCO
100 _aCALLAN, J. SCOTT.
_990546
245 _aENVIRONMENT ECONOMY AND MANAGEMENT /
_cSCOTT J. CALLAN.
250 _a5th ED.
260 _bCENGAGE LEARNING,
_c2010.
300 _a540 P. ;
942 _2ddc
_cBK
999 _c588711
_d588711